Fleetwood Mac Songs Quiz - Statistics

General Stats
  • This quiz has been taken 433 times
  • The average score is 14 of 42
Answer Stats
Hint Answer % Correct
Go Your Own Way
82%
The Chain
82%
Dreams
80%
Tusk
78%
Rhiannon
76%
Don't Stop
65%
Landslide
62%
Gold Dust Woman
60%
Songbird
57%
You Make Loving Fun
57%
Rumours (1977) Second Hand News
56%
Sara
55%
Oh Daddy
49%
Never Going Back Again
47%
Fleetwood Mac (1975) Monday Morning
36%
I Don't Want to Know
35%
Say You Love Me
31%
Blue Letter
28%
Storms
26%
Crystal
25%
Sisters of the Moon
25%
World Turning
24%
Over My Head
23%
Sugar Daddy
22%
I'm So Afraid
21%
Warm Ways
21%
Beautiful Child
19%
Not That Funny
19%
Tusk (1979) Over & Over
19%
Angel
18%
The Ledge
16%
Think About Me
16%
Brown Eyes
14%
What Makes You Think You're the One
14%
Save Me a Place
13%
Honey Hi
12%
Never Forget
12%
I Know I'm Not Wrong
11%
Never Make Me Cry
10%
Walk a Thin Line
10%
That's All for Everyone
9%
That's Enough for Me
8%
No matching quizzes found
Score Distribution
Percent of People with Each Score
Percentile by Number Answered
Your Score History
You have not taken this quiz